000 00839nam a2200253Ia 4500
003 OSt
005 20220923222012.0
006 a|||||r|||| 00| 0
007 ta
008 220922b |||||||| |||| 00| 0 hin d
024 _a201,613
037 _cTextual
040 _aARTS
_cARTS
_bhin
041 _2hin
_ahin
082 _aV2,8.N7, 152L5;L8
100 _aवर्मा, गोविन्दराय
_9156365
245 0 _aभारतीय राजनीति औेर शासन
246 _aBhāratīya rājanīti auer shāsana
250 _aसंस्क 3
260 _aदिल्ली
_b मैकमिलन कम्पनी
_c1978
300 _a579पृ.
_ccm.
942 _hV2,8.N7, 152L5;L8
_cTEXL
_2CC
999 _c353266
_d353266